Cómo ser autónomo : del puro ateniense al francés de raigambre /

Obra en que se revisan los orgullos nacionales atenienses y tebanos con la finalidad de exponer cómo las sociedades buscan el origen de sus nacionalidades y fundan el sentimiento nacional sobe un origen puro y ancestral, en un pasado delimitado y sobre la tierra de sus ancestros. El autor usa el eje...

Πλήρης περιγραφή

Αποθηκεύτηκε σε:
Λεπτομέρειες βιβλιογραφικής εγγραφής
Κύριος συγγραφέας: Detienne, Marcel (autor)
Μορφή: Βιβλίο
Γλώσσα:Ισπανικά
Σειρά:(Sección de Obras de Historia)
Θέματα:
Ετικέτες: Προσθήκη ετικέτας
Δεν υπάρχουν, Καταχωρήστε ετικέτα πρώτοι!

MARC

LEADER 00000nam^a2200000^a^4500
001 000184724
005 20250521000000.0
009 20260310102126.716
020 |a 950-557-632-3 
037 |a Acervo ITESO - Biblioteca 
041 |a ESP 
082 |a 306. 446  |b DET 
100 |a Detienne, Marcel  |e (autor) 
245 1 0 |a Cómo ser autónomo :  |b del puro ateniense al francés de raigambre /  |c M. Detienne ; tr. por Sandra Garzonio. 
264 |a Buenos Aires, Argentina :  |b Fondo de Cultura Económica,  |c 2005 
300 |a 146 p. 
336 |a texto  |b txt  |2 rdacontenido 
337 |a sin mediación  |b n  |2 rdamedio 
338 |a volumen  |b nc  |2 rdasoporte 
440 1 |a (Sección de Obras de Historia) 
500 |a Traducción de: Comment être autochtone 
520 |a Obra en que se revisan los orgullos nacionales atenienses y tebanos con la finalidad de exponer cómo las sociedades buscan el origen de sus nacionalidades y fundan el sentimiento nacional sobe un origen puro y ancestral, en un pasado delimitado y sobre la tierra de sus ancestros. El autor usa el ejemplo de la nación francesa para mostrar la incongruencia de estos mitos y con la finalidad de mostrar que las historias nacionales pertenecen a propios y a ajenos, de manera que se puede ser foráneo en todas partes. 
649 |a XX 
650 |a Identidad Nacional -  |z Tebas, Egipto -  |x Historia 
650 |a Identidad Cultural -  |z Tebas, Egipto -  |x Historia 
650 |a Identidad Nacional -  |z Grecia -  |x Historia 
650 |a Identidad Cultural -  |z Grecia -  |x Historia 
650 |a Identidad Nacional -  |z Francia 
650 |a Identidad Cultural -  |z Francia 
650 |a Antropología Cultural 
650 |a Sociología de la Cultura 
910 |a Fondo General 
920 |a Impresos - Libros 
930 |a Colección General 
905 |a 101 
901 |a 0500125942  |b IT1  |c ACC  |u 20250521 
902 |a https://opac.biblio.iteso.mx/vufind/Record/000184724